سیرۃالنبی (Record no. 64872)

MARC details
000 -LEADER
fixed length control field 00206nam a22001097a 4500
082 ## - DEWEY DECIMAL CLASSIFICATION NUMBER
Classification number 297.923
100 ## - MAIN ENTRY--AUTHOR NAME
Personal name ش ب ل
245 ## - TITLE STATEMENT
Title سیرۃالنبی
300 ## - PHYSICAL DESCRIPTION
Number of Pages ۸۳۰
700 ## - ADDED ENTRY--PERSONAL NAME
Personal name شبلی
942 ## - ADDED ENTRY ELEMENTS (KOHA)
Koha item type Books

No items available.